000
00260nam a22001217a 4500
008
171220b xxu||||| |||| 00| 0 eng d
041
_a
eng
080
_a
338
100
_a
54
101
_a
MEN
245
_a
THE HIDDEN AGENDA
_c
ELEFREY.P
942
_2
udc
_c
BK
999
_c
39236
_d
39236